RF coil design for nuclear magnetic resonance imaging = Návrh mikrofrekvenčnej cievky pre NMR snímanie : Dipl.práca

Na minha lista:
Detalhes bibliográficos
Autor principal: Chelly, Nader (Author)
Outros Autores: Frollo, Ivan (Thesis advisor)
Formato: Manuscrito Livro
Idioma:inglês
Publicado em: Bratislava : STU v Bratislave FEI, 1999
Assuntos:
Tags: Adicionar Tag
Sem tags, seja o primeiro a adicionar uma tag!

MARC

LEADER 00000ntm a22000003a 4500
001 stu50339
005 20160719164900.6
008 990720s1999------------------------eng-d
040 |a STU  |b slo 
041 0 |a eng 
100 1 |a Chelly, Nader  |4 aut 
245 1 |a RF coil design for nuclear magnetic resonance imaging = Návrh mikrofrekvenčnej cievky pre NMR snímanie :  |b Dipl.práca 
260 |a Bratislava :  |b STU v Bratislave FEI,  |c 1999 
300 |a 52 s 
650 7 |a elektronika  |2 stusub 
650 7 |a lekárska elektronika  |2 stusub 
700 1 |a Frollo, Ivan  |4 ths  |X 3843  |7 3843